The modern tongues movement

محفوظ في:
التفاصيل البيبلوغرافية
المؤلف الرئيسي: Gromacki, Robert Glenn
التنسيق: كتاب
اللغة:الإنجليزية
منشور في: Presbyterian and reformed. 1973.
الموضوعات:
الوسوم: إضافة وسم
لا توجد وسوم, كن أول من يضع وسما على هذه التسجيلة!

MARC

LEADER 00000nam a22000005a 4500
001 9010
003 CL-ChBUA
005 20120815103140.0
008 070301s1973 xxu 000 0 eng
040 |a CL-ChBUA  |c CL-ChBUA 
082 0 0 |a 234.13 
090 |c 9010  |d 9010 
100 1 |a Gromacki, Robert Glenn. 
245 1 0 |a The modern tongues movement 
260 |b Presbyterian and reformed.  |c 1973. 
300 |a 183 p.  |c 21 cm. 
504 |a Indice. 
650 4 |a SOTERIOLOGIA. 
650 4 |a DONES ESPIRITUALES. 
942 |c LIB 
952 |0 0  |1 0  |4 0  |7 0  |9 13404  |a UNACH  |b UNACH  |c 200  |d 2007-03-05  |i 16.756.  |l 0  |o 234.13 / G 876.  |p 14403  |r 2012-12-27 00:00:00  |u 13404  |w 2012-08-08  |y LIB  |k 234.13 / G 876. 
999 |c 9010  |d 9010